| 000 | 00362nam a22001577a 4500 | ||
|---|---|---|---|
| 020 | _a0-19-564342-9 | ||
| 082 |
_a823 _bRAM/L |
||
| 100 | _aRAM, S. K | ||
| 100 | _aMASON, J. A | ||
| 245 | _aLEARNING TO COMMUNICATE | ||
| 250 | _a1 | ||
| 260 |
_aCALCUTTA _bOXFORD UNIVERSITY PRESS _c2000 |
||
| 300 | _a59 | ||
| 650 |
_aENGLISH SHORT STORY _zCALCUTTA |
||
| 942 | _cBK | ||
| 999 |
_c3566 _d3566 |
||